| 000 | 00394nam a2200181Ia 4500 | ||
|---|---|---|---|
| 001 | 10281 | ||
| 005 | 20250626030547.0 | ||
| 008 | 211022s9999 xx 000 0 und d | ||
| 020 | _a0297796275 | ||
| 082 | _a305.5 JOH | ||
| 100 | _aJohnson, Paul C. | ||
| 245 | 0 | _aIntellectuals | |
| 260 | _aLondon | ||
| 260 | _bWeidenfeld and Nicolson | ||
| 260 | _c1989 | ||
| 300 | _a384 | ||
| 942 | _cBK | ||
| 999 |
_c10790 _d10790 |
||